000 00671nam a22002057a 4500
003 AM-YEHGA
005 20250617164117.0
008 211006b ||||| |||| 00| 0 rus d
040 _aAM-YeHGA
041 0 _arus
100 1 _aКозловский, Лев Станиславович
245 1 0 _aВойна, революция и свобода народов /
_cЛ.С. Козловский.
260 _aМосква :
_bЗадруга,
_c1917.
300 _a24 с.
440 0 _aСвобода и братство народов;
_v№ 1
653 0 _aРоссия - История, 20 в.
942 _2udc
_cBK
001 1794016
090 _c521624
999 _c518070
_d518070